| Record ID | marc_records_scriblio_net/part10.dat:61015173:792 |
| Source | Scriblio |
| Download Link | /show-records/marc_records_scriblio_net/part10.dat:61015173:792?format=raw |
LEADER: 00792nam 2200253 i 4500
001 77365845
003 DLC
005 19771012000000.0
008 770929s1976 enka b 00100 eng
010 $a 77365845
015 $aGB77-09843
020 $a0289706114 :$c£12.50
050 0 $aNA2795$b.C64 1976b
082 $a729
240 00 $aColor for architecture
245 00 $aColour for architecture /$c[edited by] Tom Porter and Byron Mikellides.
260 0 $aLondon :$bStudio Vista,$c1976.
300 $a151 p. :$bill. (some col.) ;$c31 cm.
500 $aAmerican ed. published simultaneously under title: Color for architecture.
504 $aBibliography: p. 145-146.
500 $aIncludes index.
650 0 $aColor in architecture.
700 10 $aPorter, Tom.
700 10 $aMikellides, Byron.